000 00391nam a2200157Ia 4500
008 231217s9999 xx 000 0 und d
020 _a71232621
041 _aEnglish
082 _a001.6424MAT PAL;1 R
100 _aPalm III, William J
245 0 _aIntroduction to MATLAB 7 for engineers
260 _c2005
_bMGH
_aBoston
300 _axiii+682
650 _aMATLAB,7
942 _cAA
999 _c178343
_d178343